Normal view
MARC view
Entry Personal Name
001 - CONTROL NUMBER
- control field: 9957
003 - CONTROL NUMBER IDENTIFIER
- control field: BD-RjUL
005 - DATE AND TIME OF LATEST TRANSACTION
- control field: 20231107112554.0
008 - FIXED-LENGTH DATA ELEMENTS
- fixed length control field: 231107|| aca||aabn | a|a d
040 ## - CATALOGING SOURCE
- Original cataloging agency: BD-RjUL
- Transcribing agency: BD-RjUL
100 ## - HEADING--PERSONAL NAME
- Personal name: Rahman, K.M. Mustafizur
670 ## - SOURCE DATA FOUND
- Source citation: Work cat.: (BD-RjUL)82259: Rahman, K.M. Mustafizur, DETERMINANTS OF HUMAN RESOURCE DEVELOPMENT IN INDUSTRIAL SECTOR IN RAJSHAHI CITY : , 2014